Digital Circuits (Record no. 3783)

MARC details
005 - DATE AND TIME OF LATEST TRANSACTION
control field 20250625134729.0
020 ## - INTERNATIONAL STANDARD BOOK NUMBER
International Standard Book Number 0-7131-3641-3
082 ## - DEWEY DECIMAL CLASSIFICATION NUMBER
Classification number LM 621.381 NOW
100 ## - MAIN ENTRY--PERSONAL NAME
Author name NOWICKI, J. R.
245 ## - TITLE STATEMENT
Title Digital Circuits
260 ## - PUBLICATION, DISTRIBUTION, ETC.
Place of publication, distribution, etc. London,
Name of publisher, distributor, etc. Edward Arnold,
Date of publication, distribution, etc. 1990.
300 ## - PHYSICAL DESCRIPTION
Extent x,308p.: Ill.; figure & table.
Other physical details Index
Dimensions 25cm.
700 ## - ADDED ENTRY--PERSONAL NAME
Other authors/Editors ADAM, L. J.
942 ## - ADDED ENTRY ELEMENTS (KOHA)
Source of classification or shelving scheme Dewey Decimal Classification
Koha item type Books
Holdings
Date last seen Total checkouts Full call number Barcode Cost, replacement price Price effective from Koha item type Lost status Source of classification or shelving scheme Damaged status Not for loan Withdrawn status Home library Current library Shelving location Date acquired Cost, normal purchase price
06/11/2025   LM 621.381 NOW 00000010842 30000.00 06/11/2025 Books   Dewey Decimal Classification       College of Business Education Main Library College of Business Education Main Library General Collection 05/18/1992 10000.00
06/11/2025   LM 621.381 NOW 00000010843 30000.00 06/11/2025 Books   Dewey Decimal Classification       College of Business Education Main Library College of Business Education Main Library General Collection 05/18/1992 10000.00